| 000 | 01056aam a2200325 i 4500 | ||
|---|---|---|---|
| 001 | 768714001 | ||
| 003 | CO-MdFUSB | ||
| 005 | 20250515155828.0 | ||
| 007 | ta | ||
| 008 | 250515t1977 enk |||| |||| 00| 0 eng d | ||
| 020 | _a0-85491-538-9 | ||
| 040 | _cCO-MdFUSB | ||
| 041 | 0 | _aeng | |
| 082 | 0 | 4 |
_223 _a248 _bW3238d |
| 100 | 1 |
_aWatson, David C. K. (1933-1984) _eautor |
|
| 245 | 1 | 0 |
_aMy God is real _c/ David C. K. Watson |
| 250 | _asegunda edición | ||
| 264 | 1 |
_bFalcon, _aLondon, Inglaterra : _c[1977] |
|
| 264 | 4 | _c©1977 | |
| 300 | _a95 páginas | ||
| 336 |
_atexto _btxt _2rdacontent |
||
| 337 |
_2rdamedia _asin mediación _bn |
||
| 338 |
_2rdacarrier _avolumen _bnc |
||
| 505 | _aEl hombre es Dios? - El pecado: una neurosis cristiana - Infierno: un Dios de amor? - La crus: un gran error - La resurrección: Cristo nuestro contemporaneo - El costo: no mi propia vida? - Conversión: escapar de la realidad? | ||
| 563 | _aRústico | ||
| 650 | 0 |
_aVida cristiana _919 |
|
| 942 | _cBK | ||
| 945 | _aJTF-925 | ||
| 999 |
_c34044 _d34044 |
||